000 00510nam a22001697a 4500
003 OSt
005 20151216100115.0
008 130622t xxu||||| |||| 00| 0 eng d
020 _a9780748776559
050 _aQD 33.2
_b.B365 2003
082 _aIB 546.02
_bB38 2003
100 _aBeavon, Rod
245 _aStructure, bonding and main group chemistry
_cRod Beavon and Alan Jarvis
260 _aUnited Kingdom :
_bNelson Thornes Ltd,
_cc2003.
300 _aviii, 88 p.
_bcol. : ill. ;
_c28 cm.
942 _2lcc
_cBK
999 _c2991
_d2991